Trombinoscope - L'Attaque des Titans - Statistiques

Statistiques générales
  • Ce quiz a été pris 289 fois
  • Le résultat moyen est 44 sur 86
Statistiques - réponses
Hint Réponse % Correct
Titan Féminin
75%
Mickasa Ackerman
74%
Titan Charrette
74%
Erwin Smith
74%
Hange Zoe
73%
Eren Jäger
73%
Titan Bestial
73%
Titan Cuirassé
73%
Titan Colossal
72%
Titan Mâchoire
71%
Annie Leonhart
71%
Connie Springer
71%
Sasha Braus
71%
Gabi Braun
69%
Levi Ackerman
69%
Armin Arlet
68%
Kenny Ackerman
68%
Historia Reiss
67%
Titan Originel (Eren)
66%
Jean Kirschtein
66%
Onyankopon
65%
Titan Marteau d'Armes
64%
Démon de la Terre
64%
Yelena
63%
Titan Assaillant
63%
Reiner Braun
63%
Bertolt Hoover
63%
Zeke Jäger
62%
Nicolo
62%
Dot Pixis
62%
Eren Kruger
61%
Rhodes Reiss
61%
Floch Forster
61%
Grisha Jäger
60%
Falco Gleis
60%
Hannes
60%
Pasteur Nick
60%
Kiyomi Azumabito
59%
Pieck Finger
58%
Carla Jäger
58%
Mme Springer
56%
Ymir
55%
Porco Galliard
55%
Marco Bodt
55%
Frieda Reiss
54%
Keith Shadis
54%
Petra Rall
54%
Willy Tybur
54%
Lara Tybur
53%
Dina Jäger
51%
Ymir Fritz
51%
Theo Magath
49%
Darius Zackley
45%
M. Arlet
45%
Hitch Dreyse
45%
Marcel Galliard
44%
M. Smith
44%
Tom Xaver
44%
Karl Fritz
42%
Mike Zacharias
42%
Faye Jäger
42%
Uri Reiss
38%
Kaya
38%
Thomas Wagner
35%
Flegel Reeves
34%
Sophia
34%
Marlo Freudenberg
34%
Arthur Braus
32%
Rose Fritz
31%
Alma Reiss
31%
Mina Carolina
29%
Udo
28%
Roi Fritz
28%
Nanaba
28%
Nile Dawk
27%
Oluo Bozado
27%
Dimo Reeves
27%
Kord Gleis
27%
Louise
25%
Gunther Schultz
24%
Eld Jinn
23%
Rico Brzenska
23%
Maria Fritz
22%
Lobov
21%
Sina Fritz
20%
Calvi
12%
Aucun quiz correspondant
Distribution des résultats
% des personnes avec chaque résultat
Percentile par nombre de réponses
Votre historique - résultats
Vous n’avez pas pris ce quiz